000 00395nam a2200157Ia 4500
005 20260302161543.0
008 260302s9999 xx 000 0 und d
020 _a9783631368107
082 _a338.9
_bFIL
100 _aJones, Hamlyn G.
245 0 _aPlants and Microclimate /
_cJones, Hamlyn G.
260 _c1992
300 _a428 pages
650 _aPlant ecophysiology
942 _cENGLISH
999 _c616686
_d616686